Statistics for The Way I Loved You - Taylor Swift (All Lyrics)

Click here to take the quiz!

General Stats

  • This quiz has been taken 1,536 times
  • The average score is 294 of 335

Answer Stats

The Way I Loved You% Correct
I
100%
a
99%
and
99%
And
99%
in
99%
love
98%
so
98%
the
98%
you
98%
loved
97%
way
97%
AM
96%
screaming
96%
that
96%
2
95%
he
95%
Bridge | Verse 1 | Verse 2He
95%
I'm
95%
i'm
95%
it's
95%
It's
95%
name
95%
rain
95%
that's
95%
your
95%
ChorusBut
94%
cursing
94%
is
94%
kissing
94%
miss
94%
my
94%
to
93%
act
92%
all
92%
insane
92%
are
91%
feel
91%
fighting
91%
friends
90%
says
89%
could
88%
jealous
88%
single
88%
incredible
87%
beautiful
86%
fine
86%
look
86%
perfectly
86%
sensible
86%
car
85%
hear
85%
tonight
85%
up
85%
door
84%
into
84%
never
84%
Never
84%
his
83%
opens
83%
get
82%
anything
81%
roller
81%
coaster
80%
everything
80%
for
80%
knew
80%
need
80%
father
79%
kind
79%
like
79%
with
79%
Breaking
78%
breaking
78%
mother
78%
much
78%
of
78%
ask
77%
better
77%
down
77%
Talks
77%
when
77%
coming
76%
couldn't
76%
He's
76%
me
76%
rush
75%
business
74%
undone
73%
calls
71%
makes
71%
charming
70%
exactly
70%
will
70%
respects
69%
wait
69%
space
68%
comfortable
67%
were
66%
acted
65%
close
64%
can't
63%
not
63%
at
62%
Cause
61%
see
61%
smile
61%
endearing
59%
faking
59%
feeling
58%
heart's
58%
Just
57%
crazy
56%
oh
55%
You're
55%
wild
54%
frustrating
51%
Intoxicating
51%
complicated
44%
now
43%
mistake
42%
by
41%
Got
38%
some
38%
away
37%

Score Distribution

Percentile by Number Answered

Percent of People with Each Score

Your Score History

You have not taken this quiz